Vyvolený Donald Tusk

Zvolenie dvojnásobného poľského permiéra a šéfa vládnej Občianskej platformy (PO) Donalda Tuska za predsedu Európskej rady. Funkcia predsedu Európskej rady. Vlastnosti D. Tuska, ktoré môžu byť užitočné v jeho novej funkcii. Úlohy nového predsedu rady. Nový šéf poľskej vlády a strany PO - Ewa Kopaczo...

Descrizione completa

Salvato in:
Dettagli Bibliografici
Autore principale: Leško, Marián
Natura: Capitolo di libro
Lingua:slovacco
Soggetti:
Tags: Aggiungi Tag
Nessun Tag, puoi essere il primo ad aggiungerne!!

MARC

LEADER 00000naa a2200000 4500
001 0192281
005 20231113101659.0
041 0 |a slo 
044 |a SK 
245 1 0 |a Vyvolený Donald Tusk  |c Marián Leško 
520 |a Zvolenie dvojnásobného poľského permiéra a šéfa vládnej Občianskej platformy (PO) Donalda Tuska za predsedu Európskej rady. Funkcia predsedu Európskej rady. Vlastnosti D. Tuska, ktoré môžu byť užitočné v jeho novej funkcii. Úlohy nového predsedu rady. Nový šéf poľskej vlády a strany PO - Ewa Kopaczová. 
610 2 0 |a Európska únia 
610 2 0 |a Rada Európskej únie 
610 2 0 |a Poľsko 
610 2 0 |a vzťahy medzinárodné 
610 2 0 |a politika medzinárodná 
610 2 0 |a politika vnútorná 
610 2 0 |a strany politické 
100 1 |a Leško, Marián